000 00208 a2200097 4500
001 34271
100 _aCollinc, R.O
245 _aAfrican History
260 _aNY
_bRandom house
_c1971
090 _c22679
_d22679
942 _aNUST-CAE
_cM
_c14090
999 _c269344
_d269344